01325nam a2200313 a 4500001001100000003000800011006001900019007001500038008004100053010001700094020001500111040002100126035002000147050002400167100001800191245017200209260003700381300001800418490003800436533015200474651005500626651006200681655002900743700002000772710001700792830005800809856012500867999001900992ebr2004619CaPaEBRm u cr cn|||||||||990727s1999 caua s 000 0 eng  z 99230327  z0833027425 aCaPaEBRcCaPaEBR a(OCoLC)7076339714aUC74b.A8336 1999eb1 aAsch, Beth J.10aMilitary compensationh[electronic resource] :btrends and policy options /cBeth J. Asch, James R. Hosek ; prepared for the Office of the Secretary of Defensee [sic]. aSanta Monica, CA :bRAND,c1999. a59 p. :bill.1 aDocumented briefing ;vDB-273-OSD aElectronic reproduction.bPalo Alto, Calif. :cebrary,d2013.nAvailable via World Wide Web.nAccess may be limited to ebrary affiliated libraries. 0aUnited StatesxArmed ForcesxPay, allowances, etc. 0aUnited StatesxArmed ForcesxRecruiting, enlistment, etc. 7aElectronic books.2local1 aHosek, James R.2 aebrary, Inc. 0aDocumented briefing (Rand Corporation) ;vDB-273-OSD.40uhttp://site.ebrary.com/lib/rucke/Doc?id=2004619zAn electronic book accessible through the World Wide Web; click to view c123077d123077